01000nam a2200217 a 450000100100000000500170001000800410002702000150006804000250008310000450010824501290015326000620028230000210034449000810036550400730044650400320051950000210055183000880057295201050066099900170076500003727820200930080247.0120321s1993 sp 000 0 spa d a8400073681 aDO-SdBNPbspacBNPHU1 aOrtiz de la Tabla Ducasse, Javier93048614aLos encomenderos de Quito :b1534-1660 : origen y evolución de una élite colonial /cJavier Ortíz de la Tabla Ducasse. aSevilla :bEscuela de Estudios Hispano-Americanos,c1993. a377 p. ;c25 cm.1 aPublicaciones de la Escuela de Estudios Hispano-Americanos de Sevilla ;v368 aIncluye referencias bibliográficas y notas al pie de las páginas aBibliografía : p. 343-350 aIncluye índice 0aPublicaciones de la Escuela de Estudios Hispano-Americanos de Sevilla ;v368930488 001050718MOaGRbGRcCTd2012-03-21iLF1l0o p37278-10r2020-06-25w2020-06-25y1ZNo se presta c36768d36768